[Event "X Open Alto Sangro A"]
[Site "Castel di Sangro ITA"]
[Date "2010.12.04"]
[Round "4"]
[White "Stoja, Rocco"]
[Black "Vena, Alessio"]
[Result "0-1"]
[WhiteElo "1776"]
[BlackElo "1884"]
[PlyCount "82"]
[EventDate "2010.12.03"]

1. e4 e5 2. Nf3 Nc6 3. d4 exd4 4. Bc4 Bc5 5. c3 Nf6 6. O-O Nxe4 7. cxd4 Bb4 8.
a3 Ba5 9. b4 Bb6 10. d5 Ne7 11. Bb2 O-O 12. Qd3 Nf6 13. Nc3 d6 14. Na4 Bf5 15.
Qd1 Ng6 16. Nxb6 axb6 17. h3 Be4 18. Qd4 Bxf3 19. gxf3 Qd7 20. Kh2 Qf5 21. Rg1
Qxf3 22. Rg3 Qe4 23. Qc3 Ne5 24. Bb3 Qf4 25. Qe3 Qxe3 26. Rxe3 Rfe8 27. Rg1 Ng6
28. h4 Rxe3 29. fxe3 Nxh4 30. Bd1 Ng6 31. Bf3 Re8 32. Re1 Ne5 33. Be2 Neg4+ 34.
Kg3 Nxe3 35. Rg1 Nexd5 36. Bc4 Re3+ 37. Kh2 g6 38. Rf1 Ng4+ 39. Kg2 c6 40. a4
Re4 41. Rc1 Nge3+ 0-1

[Event "X Open Alto Sangro A"]
[Site "Castel di Sangro ITA"]
[Date "2010.12.04"]
[Round "4"]
[White "Trifoglio, Giovanni"]
[Black "Martingano, Giuseppe"]
[Result "1-0"]
[WhiteElo "1896"]
[BlackElo "1708"]
[PlyCount "75"]
[EventDate "2010.12.03"]

1. e4 d5 2. exd5 Nf6 3. d4 Bg4 4. Nf3 Nxd5 5. c4 Nb6 6. c5 Nd5 7. h3 Bf5 8. Nc3
Nc6 9. a3 a6 10. Bc4 e6 11. O-O Be7 12. Re1 O-O 13. Nxd5 exd5 14. Bf1 Bf6 15.
Bf4 Re8 16. Rxe8+ Qxe8 17. Bxc7 Qd7 18. Bf4 Re8 19. Qd2 Re4 20. Be3 Re7 21. Rd1
Be4 22. Be2 Qf5 23. b4 h6 24. a4 Bc2 25. Ra1 Be4 26. b5 Nb8 27. Rc1 Nd7 28. c6
Nb6 29. c7 Nc4 30. Bxc4 Bxf3 31. Bd3 Qc8 32. gxf3 Rxc7 33. Rxc7 Qxc7 34. bxa6
bxa6 35. Bxa6 Qd7 36. Qc2 Qxh3 37. Qc8+ Kh7 38. Qxh3 1-0

[Event "X Open Alto Sangro A"]
[Site "Castel di Sangro ITA"]
[Date "2010.12.04"]
[Round "4"]
[White "Vena, Antonio"]
[Black "Andreoli, Mark"]
[Result "1-0"]
[WhiteElo "1599"]
[BlackElo "1995"]
[PlyCount "111"]
[EventDate "2010.12.03"]

1. e4 c5 2. c3 d5 3. exd5 Nf6 4. Nf3 Nxd5 5. d4 e6 6. c4 Nf6 7. Nc3 Be7 8. Be3
cxd4 9. Qxd4 Qa5 10. Be2 Nc6 11. Qd2 Bb4 12. Qd3 O-O 13. Bd2 Rd8 14. Qc2 e5 15.
O-O Nd4 16. Nxd4 exd4 17. Ne4 Bxd2 18. Nxd2 Be6 19. Rfd1 Rac8 20. b3 Nd5 21.
Nf3 Nc3 22. Rxd4 Rxd4 23. Nxd4 Nxe2+ 24. Qxe2 Qc3 25. Rd1 Rd8 26. Nxe6 Rxd1+
27. Qxd1 fxe6 28. Kf1 a5 29. g3 a4 30. Qe1 Qd3+ 31. Qe2 Qb1+ 32. Kg2 Kf7 33.
Qf3+ Kg6 34. Qxb7 Qxa2 35. Qe4+ Kf6 36. bxa4 Qxa4 37. Qf3+ Kg6 38. c5 Qc4 39.
c6 e5 40. g4 Kh6 41. h4 Qe6 42. Qe3+ Kg6 43. Qg5+ Kf7 44. Qf5+ Qxf5 45. gxf5
Ke7 46. Kf3 Kd6 47. Ke4 Kxc6 48. Kxe5 Kd7 49. f6 g6 50. f3 h6 51. f4 Ke8 52.
Ke6 Kf8 53. f7 h5 54. Kf6 g5 55. Kxg5 Kxf7 56. Kxh5 1-0

[Event "X Open Alto Sangro A"]
[Site "Castel di Sangro ITA"]
[Date "2010.12.05"]
[Round "5"]
[White "Bottega, Antonio"]
[Black "Stoja, Rocco"]
[Result "1/2-1/2"]
[WhiteElo "1956"]
[BlackElo "1776"]
[PlyCount "74"]
[EventDate "2010.12.03"]

1. e4 c5 2. Nf3 d6 3. d4 cxd4 4. Nxd4 Nf6 5. Nc3 g6 6. Be3 Bg7 7. f3 Nc6 8. Qd2
O-O 9. O-O-O Bd7 10. h4 Rb8 11. h5 Nxh5 12. g4 Ng3 13. Rh3 Nxf1 14. Rxf1 Nxd4
15. Bxd4 Bxd4 16. Qxd4 f6 17. Rfh1 h5 18. R3h2 Qb6 19. Qd2 Kf7 20. gxh5 gxh5
21. Rxh5 Be6 22. Rh7+ Ke8 23. f4 Kd7 24. f5 Bf7 25. Nd5 Bxd5 26. Qxd5 Rbe8 27.
Qe6+ Kd8 28. b3 Rg8 29. R7h3 Kc7 30. Rc3+ Kb8 31. Rhh3 a6 32. Rc4 Qa5 33. b4
Qe5 34. Rhc3 Qxe6 35. fxe6 Rc8 36. Kd2 Rxc4 37. Rxc4 Rg5 1/2-1/2

[Event "X Open Alto Sangro A"]
[Site "Castel di Sangro ITA"]
[Date "2010.12.05"]
[Round "5"]
[White "Cullen, Anthony P."]
[Black "Trifoglio, Giovanni"]
[Result "1-0"]
[WhiteElo "2150"]
[BlackElo "1896"]
[PlyCount "97"]
[EventDate "2010.12.03"]

1. Nf3 Nf6 2. d4 g6 3. Nc3 d5 4. Bf4 Bg7 5. Qc1 Ne4 6. e3 c5 7. Nb5 Qa5+ 8. c3
Na6 9. dxc5 Bd7 10. Nbd4 Qxc5 11. Be2 O-O 12. O-O f6 13. Nb3 Qb6 14. Nfd2 e5
15. Bg3 Nxg3 16. hxg3 Rac8 17. Qd1 Ba4 18. Nf3 Rfd8 19. Bxa6 bxa6 20. Qd2 Rb8
21. Rfd1 Bc6 22. Qc2 a5 23. Rab1 Ba4 24. e4 Bxb3 25. axb3 dxe4 26. Qxe4 Qxb3
27. Nd2 Qa2 28. Qc4+ Qxc4 29. Nxc4 a4 30. Rxd8+ Rxd8 31. Ra1 Rd7 32. Kf1 Bf8
33. Ke2 Kf7 34. Rxa4 Bh6 35. Ne3 f5 36. c4 f4 37. gxf4 exf4 38. Nd5 g5 39. Kf3
Bg7 40. b4 h6 41. Kg4 Bd4 42. Ra6 Bg7 43. Kf5 Rb7 44. Ke4 Bf8 45. c5 Ke8 46. c6
Rf7 47. c7 Kd7 48. Rxa7 Bd6 49. c8=Q+ 1-0

[Event "X Open Alto Sangro A"]
[Site "Castel di Sangro ITA"]
[Date "2010.12.05"]
[Round "5"]
[White "Lamberti, Valerio"]
[Black "Andreoli, Mark"]
[Result "0-1"]
[WhiteElo "1760"]
[BlackElo "1995"]
[PlyCount "56"]
[EventDate "2010.12.03"]

1. e4 c5 2. Nf3 d6 3. d4 cxd4 4. Nxd4 Nf6 5. Nc3 g6 6. Be3 Bg7 7. Be2 O-O 8.
O-O Nc6 9. Kh1 Nxd4 10. Bxd4 Be6 11. f4 Qc7 12. f5 Bc4 13. Bxc4 Qxc4 14. Qd3
Rfc8 15. Rad1 b5 16. b3 Qxd3 17. cxd3 b4 18. Na4 Rc2 19. Rf2 Rxf2 20. Bxf2 Ng4
21. Be1 Rc8 22. h3 Ne3 23. Rd2 Rc1 24. Re2 Nc2 25. Rxc2 Rxc2 26. Bxb4 Rxa2 27.
Nc3 Bxc3 28. Bxc3 Ra3 0-1

[Event "X Open Alto Sangro A"]
[Site "Castel di Sangro ITA"]
[Date "2010.12.05"]
[Round "5"]
[White "Martingano, Giuseppe"]
[Black "Franciosi, Claudio"]
[Result "0-1"]
[WhiteElo "1708"]
[BlackElo "1686"]
[PlyCount "98"]
[EventDate "2010.12.03"]

1. d4 Nf6 2. Bf4 e6 3. e3 d5 4. c3 h6 5. Bd3 Bd6 6. Nf3 Bxf4 7. exf4 Nc6 8.
Nbd2 O-O 9. O-O b6 10. Re1 Ne7 11. Rc1 c5 12. Bb1 Bb7 13. Qc2 cxd4 14. Nxd4 Nc6
15. N2f3 Nxd4 16. Nxd4 Qd6 17. g3 Rfe8 18. Re3 Kf8 19. Qe2 Rac8 20. Bd3 Bc6 21.
Bb5 Bxb5 22. Nxb5 Qd7 23. Nd4 Qd6 24. Re1 g6 25. h4 Ne4 26. Kg2 Kg7 27. f3 Nf6
28. Qa6 Qd7 29. g4 Re7 30. g5 hxg5 31. fxg5 Nh5 32. Qf1 Qd6 33. Re5 Rh8 34. f4
Kg8 35. Kh3 a6 36. Kg4 b5 37. a3 Ng7 38. R1e2 Qd7 39. Qe1 Kf8 40. Qf2 Ke8 41.
Nf3 Nf5 42. Qb6 Qb7 43. Qxb7 Rxb7 44. Rxd5 Ke7 45. Rdd2 Rc7 46. Rd3 Rd7 47.
Rxd7+ Kxd7 48. Rd2+ Ke7 49. Rd3 Rd8 0-1

[Event "X Open Alto Sangro A"]
[Site "Castel di Sangro ITA"]
[Date "2010.12.05"]
[Round "5"]
[White "Varvaglione, Antonio"]
[Black "Grasso, Nino"]
[Result "0-1"]
[WhiteElo "1915"]
[BlackElo "1969"]
[PlyCount "28"]
[EventDate "2010.12.03"]

1. e4 e5 2. Nf3 Nc6 3. Bb5 a6 4. Bxc6 dxc6 5. O-O Bg4 6. h3 h5 7. d3 Qf6 8.
Nbd2 Ne7 9. Re1 Ng6 10. hxg4 hxg4 11. Nh2 Rxh2 12. Kxh2 Qxf2 13. Qe2 Qh4+ 14.
Kg1 Bc5+ 0-1

[Event "X Open Alto Sangro A"]
[Site "Castel di Sangro ITA"]
[Date "2010.12.05"]
[Round "5"]
[White "Vena, Alessio"]
[Black "Laketic, Gojko"]
[Result "0-1"]
[WhiteElo "1884"]
[BlackElo "2459"]
[PlyCount "74"]
[EventDate "2010.12.03"]

1. e4 d6 2. d4 Nf6 3. Nc3 e5 4. Nf3 Nbd7 5. Bc4 Be7 6. O-O O-O 7. Re1 c6 8. a4
b6 9. Be3 a6 10. h3 Bb7 11. d5 c5 12. Nh4 g6 13. Bh6 Re8 14. Qd2 Nh5 15. Nf3
Bf8 16. Bg5 f6 17. g4 fxg5 18. gxh5 h6 19. hxg6 Qf6 20. Qe2 Qxg6 21. Kh2 Bg7
22. Rg1 Qh5 23. Rg3 Nf6 24. Rag1 Bc8 25. Kg2 Ra7 26. Nd1 Qg6 27. Nc3 Nh5 28.
Kf1 Nxg3+ 29. Rxg3 Qh5 30. Kg2 Rf8 31. Nd1 Rf4 32. Ne3 Rxe4 33. Bd3 Rf4 34. Nc4
e4 35. Bxe4 Re7 36. Nxd6 Rfxe4 37. Nxe4 Bf5 0-1

[Event "X Open Alto Sangro A"]
[Site "Castel di Sangro ITA"]
[Date "2010.12.05"]
[Round "5"]
[White "Vena, Antonio"]
[Black "Franciosi, Fausto"]
[Result "1/2-1/2"]
[WhiteElo "1599"]
[BlackElo "2017"]
[PlyCount "60"]
[EventDate "2010.12.03"]

1. e4 e5 2. Nf3 Nc6 3. Bc4 Bc5 4. Nc3 Nf6 5. O-O O-O 6. d3 h6 7. Be3 Bxe3 8.
fxe3 d6 9. h3 Na5 10. Bb5 c6 11. Ba4 b5 12. Bb3 Nxb3 13. axb3 a6 14. b4 Bb7 15.
Nh4 Nd5 16. Nf5 Nxb4 17. Qg4 Qg5 18. Qxg5 hxg5 19. Nxd6 Bc8 20. Nxc8 Rfxc8 21.
Rf2 Rd8 22. Na2 Nxa2 23. Rxa2 a5 24. Rf1 Ra7 25. Rfa1 a4 26. Kf2 c5 27. Ke2 Kf8
28. b3 Rda8 29. bxa4 bxa4 30. c3 Ke7 1/2-1/2

[Event "X Open Alto Sangro A"]
[Site "Castel di Sangro ITA"]
[Date "2010.12.05"]
[Round "6"]
[White "Cullen, Anthony P."]
[Black "Bruno, Fabio"]
[Result "0-1"]
[WhiteElo "2150"]
[BlackElo "2465"]
[PlyCount "148"]
[EventDate "2010.12.03"]

1. d4 Nf6 2. Nf3 d5 3. e3 e6 4. Bd3 Nbd7 5. Nbd2 c5 6. c3 Be7 7. O-O O-O 8. Re1
b6 9. e4 cxd4 10. cxd4 dxe4 11. Nxe4 Bb7 12. Nc3 Nd5 13. Nxd5 Bxd5 14. Bf4 Nf6
15. Ne5 Bb7 16. Bc4 Nd5 17. Bg3 Bb4 18. Rf1 Rc8 19. a3 Bd6 20. Be2 Qe7 21. Rc1
Rxc1 22. Qxc1 Rc8 23. Qd2 Qc7 24. Bd3 Nf6 25. f3 Nd7 26. Qg5 Nf8 27. Ng4 Bxg3
28. hxg3 Ng6 29. Kh2 f6 30. Qe3 Nf8 31. Nf2 Rd8 32. Rd1 Bd5 33. Ne4 Qd7 34. Nc3
f5 35. Bb5 Qd6 36. Qe5 Bb3 37. Qxd6 Rxd6 38. Rd2 Ng6 39. f4 e5 40. fxe5 Nxe5
41. d5 Kf7 42. Kg1 Kf6 43. Kf2 h5 44. Ke2 Ke7 45. Ke3 Rg6 46. Kd4 Kd6 47. Ne2
Rg4+ 48. Kc3 Bc4 49. Bxc4 Rxc4+ 50. Kb3 Rg4 51. Rd4 Rg5 52. Kc3 Nd7 53. Kc4 a6
54. a4 Nc5 55. b3 Ne4 56. Rd3 Rg4 57. Rd4 g6 58. Kd3 Nc5+ 59. Kc4 Ne4 60. b4 h4
61. gxh4 Rxg2 62. Nf4 Rg4 63. Ne6 Rxh4 64. Ng5 Kd7 65. Ne6 g5 66. Nf8+ Kd6 67.
Ng6 Rh3 68. Rd3 b5+ 69. axb5 axb5+ 70. Kd4 Rxd3+ 71. Kxd3 Kxd5 72. Ne7+ Ke5 73.
Nc6+ Kf4 74. Na7 Nd6 0-1

[Event "X Open Alto Sangro A"]
[Site "Castel di Sangro ITA"]
[Date "2010.12.05"]
[Round "6"]
[White "Grasso, Nino"]
[Black "Vena, Antonio"]
[Result "1-0"]
[WhiteElo "1969"]
[BlackElo "1599"]
[PlyCount "71"]
[EventDate "2010.12.03"]

1. e4 e5 2. Nf3 Nc6 3. Bc4 Bc5 4. d3 Nf6 5. c3 a6 6. O-O Ba7 7. Nbd2 d6 8. Bb3
O-O 9. Nc4 h6 10. Bc2 Bg4 11. Ne3 Be6 12. d4 exd4 13. cxd4 Nb4 14. Bb1 d5 15.
e5 Ne4 16. a3 Nc6 17. Qd3 f6 18. Nd2 fxe5 19. Nxe4 dxe4 20. Qxe4 Bxd4 21. Qh7+
Kf7 22. Qg6+ Ke7 23. Qxg7+ Rf7 24. Qxh6 Qh8 25. Qxh8 Rxh8 26. Ba2 Bxa2 27. Rxa2
Rhf8 28. b4 Na7 29. a4 Nc6 30. b5 Nb4 31. Ba3 a5 32. Nd5+ Ke6 33. Nxb4 axb4 34.
Bxb4 Rd8 35. Rc2 Bxf2+ 36. Rcxf2 1-0

[Event "X Open Alto Sangro A"]
[Site "Castel di Sangro ITA"]
[Date "2010.12.05"]
[Round "6"]
[White "Naumkin, Igor"]
[Black "Laketic, Gojko"]
[Result "1/2-1/2"]
[WhiteElo "2506"]
[BlackElo "2459"]
[PlyCount "33"]
[EventDate "2010.12.03"]

1. d4 Nf6 2. c4 e6 3. Nf3 b6 4. g3 Bb7 5. Bg2 Be7 6. O-O O-O 7. Nc3 Ne4 8. Bd2
c5 9. d5 exd5 10. cxd5 Nxd2 11. Nxd2 d6 12. f4 Re8 13. Nde4 Nd7 14. g4 a6 15.
a4 h6 16. Kh1 Nf6 17. Nf2 1/2-1/2

[Event "X Open Alto Sangro A"]
[Site "Castel di Sangro ITA"]
[Date "2010.12.05"]
[Round "6"]
[White "Stoja, Rocco"]
[Black "Franciosi, Claudio"]
[Result "1/2-1/2"]
[WhiteElo "1776"]
[BlackElo "1686"]
[PlyCount "61"]
[EventDate "2010.12.03"]

1. e4 c5 2. Nf3 Nc6 3. d4 cxd4 4. Nxd4 Nf6 5. Nc3 e5 6. Ndb5 d6 7. Bg5 a6 8.
Bxf6 gxf6 9. Na3 b5 10. Nd5 f5 11. Bd3 Be6 12. c3 Bg7 13. Nc2 O-O 14. Qh5 fxe4
15. Bxe4 f5 16. Nf6+ Rxf6 17. Bxc6 Rc8 18. Bb7 Rh6 19. Qd1 Rc4 20. Bd5 Rc7 21.
Bxe6+ Rxe6 22. Qd5 Qe8 23. a4 bxa4 24. Rxa4 Rc5 25. Qa2 Rc6 26. Nb4 Rb6 27. Ra5
Kf8 28. Nd5 Qc6 29. Nxb6 Qe4+ 30. Kf1 Qd3+ 31. Ke1 1/2-1/2

[Event "X Open Alto Sangro A"]
[Site "Castel di Sangro ITA"]
[Date "2010.12.05"]
[Round "6"]
[White "Trifoglio, Giovanni"]
[Black "Bottega, Antonio"]
[Result "0-1"]
[WhiteElo "1896"]
[BlackElo "1956"]
[PlyCount "82"]
[EventDate "2010.12.03"]

1. e4 c5 2. c3 Nf6 3. e5 Nd5 4. d4 d6 5. exd6 Qxd6 6. Nf3 cxd4 7. cxd4 g6 8.
Nc3 a6 9. Bc4 Nb6 10. Bb3 Bg7 11. O-O O-O 12. h3 Nc6 13. Ne4 Qd8 14. Be3 Na5
15. Bc2 Nac4 16. Bc1 h6 17. b3 Nd6 18. Nc3 Bf5 19. Bb2 Rc8 20. Rc1 Rc7 21. Re1
Qc8 22. Bd3 Rd8 23. Bf1 Be6 24. Bd3 Nf5 25. Ne2 Nd5 26. Qd2 h5 27. Rxc7 Qxc7
28. Rc1 Qb6 29. Rc4 Bh6 30. Qe1 Nf4 31. Nxf4 Bxc4 32. Bxc4 Bxf4 33. Qe4 Bh6 34.
Ne5 e6 35. Nxg6 Bg7 36. g4 Rxd4 37. Bxd4 Qxd4 38. Qxb7 hxg4 39. Ne7+ Nxe7 40.
Qxe7 g3 41. Qe8+ Bf8 0-1

[Event "X Open Alto Sangro A"]
[Site "Castel di Sangro ITA"]
[Date "2010.12.05"]
[Round "6"]
[White "Varvaglione, Antonio"]
[Black "Mazza, Daniele"]
[Result "1/2-1/2"]
[WhiteElo "1915"]
[BlackElo "1827"]
[PlyCount "127"]
[EventDate "2010.12.03"]

1. e4 c5 2. Nf3 a6 3. d4 cxd4 4. Nxd4 Nf6 5. Nc3 d6 6. Bc4 e6 7. O-O Be7 8. Re1
O-O 9. a4 Qc7 10. Bb3 Bd7 11. f4 Nc6 12. Be3 Nxd4 13. Bxd4 e5 14. Be3 Rac8 15.
f5 Bc6 16. Bg5 Qb6+ 17. Kh1 Rfd8 18. Bxf6 Bxf6 19. Qh5 Rf8 20. Rad1 Rcd8 21.
Rd3 Qf2 22. Qe2 Bh4 23. g3 Qxe2 24. Rxe2 Be7 25. Red2 Rd7 26. Bd5 Rc8 27. h4
Rdc7 28. Kg2 Kf8 29. Kf3 Bxd5 30. Rxd5 Rc6 31. a5 Rc4 32. R5d3 R4c5 33. Rd5 Rc4
34. R2d3 Ke8 35. Ke2 h6 36. Kd2 R4c6 37. Kd1 Rc4 38. Rd2 R4c6 39. Na4 h5 40.
Nb6 R8c7 41. R5d3 Rc5 42. Rb3 Rb5 43. Rxb5 axb5 44. Nd5 Rc6 45. Nc3 b4 46. Nd5
Kd7 47. c3 bxc3 48. Nxc3 Bd8 49. Rd5 Rc5 50. Rxc5 dxc5 51. a6 bxa6 52. Nd5 Kd6
53. b3 g5 54. fxg6 fxg6 55. Ne3 Kc6 56. Nc4 Bc7 57. Kc2 Kb5 58. Kc3 a5 59. Na3+
Kc6 60. Nc4 Kd7 61. Ne3 Kc6 62. Nc4 Kd7 63. Ne3 Kc6 64. Nc4 1/2-1/2

[Event "XXXI Memorial Edoardo Crespi A"]
[Site "Milano ITA"]
[Date "2010.12.04"]
[Round "1"]
[White "Almonti, Alessandro"]
[Black "Paleologu, Vladimir"]
[WhiteElo "2033"]
[BlackElo "2193"]
[Result "0-1"]
[PlyCount "142"]
[EventDate "2010.12.04"]

1. c4 e5 2. g3 Nf6 3. Bg2 d5 4. cxd5 Nxd5 5. Nc3 Nb6 6. Nf3 Nc6 7. d3 Be7 8. a3
a5 9. O-O g5 10. Be3 f5 11. Na4 g4 12. Nd2 Nd5 13. Bc5 Nf6 14. Rc1 h5 15. Bxe7
Nxe7 16. Nc5 h4 17. Qb3 hxg3 18. hxg3 c6 19. Nc4 Nh5 20. Nxb7 Bxb7 21. Qxb7 Rb8
22. Bxc6+ Kf7 23. Qd7 Qxd7 24. Bxd7 Kf6 25. Kg2 Nd5 26. e3 Rhd8 27. Bc6 f4 28.
Bxd5 Rxd5 29. Nxe5 Rxe5 30. gxf4 Reb5 31. Rc6+ Ke7 32. b4 Nf6 33. Rc5 Rxc5 34.
bxc5 Rd8 35. d4 Ne4 36. Rb1 Ke6 37. Rb6+ Kd5 38. f3 gxf3+ 39. Kxf3 Nd2+ 40. Ke2
Nc4 41. Rh6 Re8 42. Rh5+ Ke4 43. c6 Rg8 44. Kf2 a4 45. Rc5 Kd3 46. c7 Nd6 47.
Kf1 Kxe3 48. Rg5 Rc8 49. Rd5 Ne4 50. Rd7 Rg8 51. Re7 Kxd4 52. Rd7+ Ke3 53. Re7
Kxf4 54. Ke2 Rc8 55. Kd3 Nf6 56. Kc4 Kf5 57. Kc5 Ne8 58. Kb4 Kf6 59. Rd7 Nxc7
60. Kxa4 Ke6 61. Rd1 Rb8 62. Rd2 Nd5 63. Rh2 Kd6 64. Rc2 Ne3 65. Rc3 Nf5 66.
Rb3 Ra8+ 67. Kb4 Nd4 68. Rh3 Nc2+ 69. Kc4 Nxa3+ 70. Kd3 Kc5 71. Rh5+ Kd6 0-1

[Event "XXXI Memorial Edoardo Crespi A"]
[Site "Milano ITA"]
[Date "2010.12.04"]
[Round "1"]
[White "Astengo, Corrado"]
[Black "Drazic, Sinisa"]
[WhiteElo "2139"]
[BlackElo "2524"]
[Result "0-1"]
[PlyCount "127"]
[EventDate "2010.12.04"]

1. d4 Nf6 2. c4 d6 3. Nf3 g6 4. Nc3 Bg7 5. e4 O-O 6. Be2 h6 7. h3 e5 8. Be3
exd4 9. Nxd4 Re8 10. Bf3 Nbd7 11. Qc2 a6 12. Rd1 Qe7 13. O-O Ne5 14. Be2 Bd7
15. f4 Nc6 16. Bf3 Nxd4 17. Bxd4 Bc6 18. Rfe1 Rac8 19. Qf2 Nd7 20. Nd5 Bxd5 21.
cxd5 Bxd4 22. Qxd4 Qh4 23. Qd2 Re7 24. Bg4 Rce8 25. Bxd7 Rxd7 26. e5 Rde7 27.
e6 fxe6 28. dxe6 Qf6 29. Qd5 b6 30. Rd4 Kg7 31. Rde4 Qxb2 32. f5 Rf8 33. Rf1
Rf6 34. Rg4 Qe5 35. Qd3 b5 36. Kh1 c5 37. Rf3 c4 38. Qb1 d5 39. Rfg3 Qxf5 40.
Rxg6+ Kh7 41. Qb4 Qxe6 42. Rxf6 Qxf6 43. Qb1+ Re4 44. a4 Qe5 45. Rf3 Kg7 46.
Rf1 d4 47. axb5 axb5 48. Qb4 Rf4 49. Rxf4 Qxf4 50. Qxb5 c3 51. Qd7+ Kf6 52. Qd5
Qc1+ 53. Kh2 Qe3 54. Qd6+ Kf5 55. Qd7+ Ke4 56. Qh7+ Kd5 57. Qf7+ Kc5 58. Qf5+
Kb4 59. Qb1+ Kc4 60. Qf1+ d3 61. Qf7+ Kb4 62. Qb7+ Ka3 63. Qa6+ Kb2 64. Qb6+
0-1

[Event "XXXI Memorial Edoardo Crespi A"]
[Site "Milano ITA"]
[Date "2010.12.04"]
[Round "1"]
[White "Astengo, Marcello"]
[Black "Pace, Pietro Dario"]
[WhiteElo "2070"]
[BlackElo "2316"]
[Result "0-1"]
[PlyCount "77"]
[EventDate "2010.12.04"]

1. d4 Nf6 2. c4 g6 3. Nc3 d5 4. Nf3 Bg7 5. Bf4 O-O 6. e3 c5 7. dxc5 Qa5 8. Rc1
dxc4 9. Bxc4 Qxc5 10. Qe2 Nc6 11. O-O Qh5 12. a3 e5 13. Bg3 e4 14. Nd2 Bg4 15.
Qe1 Ne5 16. Ncxe4 Nxe4 17. Nxe4 Rac8 18. Bxe5 Bxe5 19. f4 Bxb2 20. Qb4 Bg7 21.
Qxb7 Rxc4 22. Rxc4 Be6 23. Ng3 Qa5 24. Qb4 Qd8 25. Rc2 Qd3 26. Qe4 Qxa3 27. f5
Bb3 28. Rcc1 Rd8 29. f6 Bxf6 30. Rc6 Bd5 31. Qf4 Bxc6 32. Qxf6 Qxe3+ 33. Kh1
Qe8 34. Nf5 gxf5 35. Qg5+ Kf8 36. Qxf5 Be4 37. Qa5 Qe7 38. Re1 Re8 39. Qa4 0-1

[Event "XXXI Memorial Edoardo Crespi A"]
[Site "Milano ITA"]
[Date "2010.12.04"]
[Round "1"]
[White "Bemporad, Filippo"]
[Black "Damia, Angelo"]
[WhiteElo "2068"]
[BlackElo "2302"]
[Result "0-1"]
[PlyCount "92"]
[EventDate "2010.12.04"]

1. d4 d5 2. Nf3 Nf6 3. g3 b5 4. Bg2 Bb7 5. b3 e6 6. c4 dxc4 7. bxc4 bxc4 8.
Qa4+ Nbd7 9. Qxc4 c5 10. O-O Rc8 11. Nbd2 Nb6 12. Qb5+ Bc6 13. Qa5 cxd4 14. Bb2
d3 15. exd3 Na4 16. Qxd8+ Rxd8 17. Bd4 Bc5 18. Bxc5 Nxc5 19. Rac1 Bxf3 20. Nxf3
Nxd3 21. Rc7 a6 22. Ng5 O-O 23. Rb1 h6 24. Ne4 Nd5 25. Ra7 Ra8 26. Rab7 a5 27.
Nd6 Rad8 28. Nc4 Nc3 29. R1b3 Nc1 30. Rxc3 Ne2+ 31. Kf1 Nxc3 32. Bf3 Nxa2 33.
Nxa5 Rb8 34. Ra7 Nb4 35. Nc4 Nd5 36. Ne5 Ra8 37. Rb7 Rab8 38. Ra7 Rbc8 39. Rb7
Rc7 40. Bxd5 Rc1+ 41. Ke2 exd5 42. Rd7 Rh1 43. Rxd5 Rxh2 44. Kf3 Rh5 45. Kg4
Rg5+ 46. Kf4 Re8 0-1

[Event "XXXI Memorial Edoardo Crespi A"]
[Site "Milano ITA"]
[Date "2010.12.04"]
[Round "1"]
[White "Bonanno, Alessandro"]
[Black "Marin, Mihail"]
[WhiteElo "2143"]
[BlackElo "2562"]
[Result "0-1"]
[PlyCount "54"]
[EventDate "2010.12.04"]

1. e4 c6 2. d4 d5 3. e5 Bf5 4. Nc3 a6 5. g4 Bd7 6. f4 e6 7. Be3 c5 8. dxc5 Qc7
9. Qd2 Bxc5 10. O-O-O Bb4 11. Nge2 Ne7 12. Kb1 h5 13. f5 hxg4 14. fxe6 Bxe6 15.
Bg2 Nbc6 16. Bxd5 Rd8 17. Bxc6+ Nxc6 18. Qc1 Rxd1 19. Qxd1 Bxc3 20. Nxc3 Qxe5
21. Re1 O-O 22. Qd2 Rd8 23. Qf2 Qf5 24. Qh4 f6 25. Qg3 Ne5 26. Bb6 Rd2 27. Re2
Qxc2+ 0-1

[Event "XXXI Memorial Edoardo Crespi A"]
[Site "Milano ITA"]
[Date "2010.12.04"]
[Round "1"]
[White "Bonazzi, Edoardo"]
[Black "Agrifoglio, Fabio"]
[WhiteElo "2164"]
[BlackElo "1999"]
[Result "1-0"]
[PlyCount "63"]
[EventDate "2010.12.04"]

1. c4 g6 2. g3 Bg7 3. Bg2 c5 4. Nc3 Nc6 5. Nf3 Nf6 6. d4 cxd4 7. Nxd4 O-O 8.
O-O Qb6 9. Nb3 d6 10. Bg5 Be6 11. Nd5 Bxd5 12. cxd5 Ne5 13. Rc1 a5 14. Qd4 Qb5
15. Qd2 Nc4 16. Qd3 a4 17. Nd2 Qxb2 18. Rxc4 Qxa2 19. Rc2 Qxc2 20. Qxc2 b5 21.
Rb1 Rfc8 22. Qa2 Rcb8 23. Rb4 h6 24. Be3 Nd7 25. Nb1 Rb7 26. Na3 Rab8 27. Qc2
Be5 28. Be4 f5 29. Bd3 Nc5 30. Rxb5 Rxb5 31. Bxb5 Ne4 32. Qc7 1-0

[Event "XXXI Memorial Edoardo Crespi A"]
[Site "Milano ITA"]
[Date "2010.12.04"]
[Round "1"]
[White "Borgo, Giulio"]
[Black "Cazzaniga, Walter"]
[WhiteElo "2414"]
[BlackElo "2116"]
[Result "1-0"]
[PlyCount "61"]
[EventDate "2010.12.04"]

1. e4 e6 2. Qe2 c5 3. Nf3 Nc6 4. g3 g6 5. h4 h5 6. Bg2 Bg7 7. O-O Nge7 8. c3
O-O 9. d3 d6 10. Bg5 e5 11. a4 Bg4 12. Nbd2 Qd7 13. Nc4 Rfe8 14. Qd2 d5 15.
exd5 Nxd5 16. Bh6 Rad8 17. Bxg7 Kxg7 18. Ng5 Nb6 19. Ne3 Qxd3 20. Qxd3 Rxd3 21.
a5 Nd7 22. a6 f5 23. Rfe1 e4 24. Bf1 Nde5 25. axb7 Rd7 26. Bb5 Rxb7 27. Bxc6
Nxc6 28. f3 exf3 29. Nxf5+ gxf5 30. Rxe8 Rxb2 31. Re6 1-0

[Event "XXXI Memorial Edoardo Crespi A"]
[Site "Milano ITA"]
[Date "2010.12.04"]
[Round "1"]
[White "Bozzali, Ermanno"]
[Black "Martinez, Rolly"]
[WhiteElo "2119"]
[BlackElo "2425"]
[Result "0-1"]
[PlyCount "72"]
[EventDate "2010.12.04"]

1. d4 Nf6 2. c4 e6 3. g3 Bb4+ 4. Bd2 Be7 5. Bg2 d5 6. Nc3 O-O 7. Nf3 c6 8. O-O
dxc4 9. Bf4 Nd5 10. Bd2 b5 11. e4 Nxc3 12. bxc3 Bb7 13. Qc2 Nd7 14. Rfe1 a6 15.
Rad1 Re8 16. h4 c5 17. d5 exd5 18. exd5 Bd6 19. Rxe8+ Qxe8 20. Ng5 Nf6 21. Re1
Qd7 22. Bh3 Qd8 23. Bg2 Bf8 24. Bf4 h6 25. Ne4 Nxd5 26. Rd1 Qb6 27. Be5 Re8 28.
Bf4 Nxf4 29. gxf4 Qg6 30. f3 f5 31. h5 Qxh5 32. Ng3 Qh4 33. Nxf5 Qxf4 34. Rd7
Bc8 35. Rd5 Be6 36. Qe2 Bxd5 0-1

[Event "XXXI Memorial Edoardo Crespi A"]
[Site "Milano ITA"]
[Date "2010.12.04"]
[Round "1"]
[White "Brunello, Roberta"]
[Black "Lapiccirella, Daniele"]
[WhiteElo "2063"]
[BlackElo "2225"]
[Result "0-1"]
[PlyCount "64"]
[EventDate "2010.12.04"]

1. e4 c5 2. c3 d5 3. exd5 Qxd5 4. d4 e6 5. Nf3 Nf6 6. Be2 Nc6 7. O-O cxd4 8.
cxd4 Be7 9. Nc3 Qd8 10. Be3 O-O 11. Qb3 b6 12. Rfd1 Bb7 13. Ne5 Nb4 14. Bc4
Nbd5 15. Bg5 Nxc3 16. bxc3 Nd5 17. Bxe7 Qxe7 18. Bf1 Nf4 19. g3 Ng6 20. Nd3
Rac8 21. Rac1 Rfd8 22. Nb4 Qg5 23. Bg2 Bxg2 24. Kxg2 h5 25. Nc2 Nf4+ 26. Kf1
Nd3 27. Rb1 Qf5 28. Rd2 Qf3 29. Kg1 h4 30. c4 h3 31. Ne3 Ne5 32. Rc1 Qe4 0-1

[Event "XXXI Memorial Edoardo Crespi A"]
[Site "Milano ITA"]
[Date "2010.12.04"]
[Round "1"]
[White "Burlando, Alessandro"]
[Black "Colovic, Aleksandar"]
[WhiteElo "2132"]
[BlackElo "2457"]
[Result "0-1"]
[PlyCount "68"]
[EventDate "2010.12.04"]

1. d4 Nf6 2. c4 e6 3. Nf3 c5 4. d5 d6 5. Nc3 exd5 6. cxd5 g6 7. Nd2 Nbd7 8. e4
Bg7 9. Be2 O-O 10. O-O Re8 11. a4 Ne5 12. Ra3 a6 13. Qc2 Bg4 14. f3 Bd7 15. Nc4
Nxc4 16. Bxc4 Nh5 17. g4 Bd4+ 18. Kg2 Ng7 19. Ne2 Be5 20. f4 b5 21. Ba2 Bd4 22.
Nxd4 cxd4 23. axb5 Bxb5 24. Bc4 Bxc4 25. Qxc4 Rxe4 26. Qd3 Qe7 27. b4 Re8 28.
Bd2 h5 29. h3 hxg4 30. hxg4 Qh4 31. Qg3 Re2+ 32. Rf2 Rxf2+ 33. Kxf2 Qh1 34. Rf3
Qd1 0-1